| 000 -CABECERA |
| campo de control de longitud fija |
00648nam a2200229 a 4500 |
| 001 - NÚMERO DE CONTROL |
| campo de control |
$$a0000036499 |
| 005 - FECHA Y HORA DE LA ÚLTIMA TRANSACCIÓN |
| campo de control |
20200120222258.0 |
| 008 - DATOS DE LONGITUD FIJA--INFORMACIÓN GENERAL |
| campo de control de longitud fija |
090820s1986 col gr 0 d |
| 020 ## - NÚMERO INTERNACIONAL ESTÁNDAR DEL LIBRO |
| Número Internacional Estándar del Libro |
84-8280-660-2 |
| 082 04 - NÚMERO DE LA CLASIFICACIÓN DECIMAL DEWEY |
| Número de clasificación |
853.3 |
| Número de documento/Ítem |
Y15 |
| 100 0# - ENTRADA PRINCIPAL--NOMBRE DE PERSONA |
| Nombre de persona |
Yallop, David |
| 245 10 - MENCIÓN DE TÍTULO |
| Título |
En nombre de Dios / |
| Mención de responsabilidad, etc. |
David Yallop; traducción de: Sebastian Bel Spino. |
| 250 ## - MENCIÓN DE EDICIÓN |
| Mención de edición |
1a. ed. |
| 260 ## - PUBLICACIÓN, DISTRIBUCIÓN, ETC. |
| Lugar de publicación, distribución, etc. |
Bogotá |
| Nombre del editor, distribuidor, etc. |
Oveja Negra |
| Fecha de publicación, distribución, etc. |
1986 |
| 300 ## - DESCRIPCIÓN FÍSICA |
| Extensión |
329 p. : il. |
| 517 ## - CATEGORÍAS DE NOTA DE PELÍCULA (ARCHIVO) (VM) [OBSOLETO] |
| Formatos diferentes |
In god's a name |
| 650 14 - PUNTO DE ACCESO ADICIONAL DE MATERIA--TÉRMINO DE MATERIA |
| Término de materia o nombre geográfico como elemento de entrada |
NOVELA ITALIANA |
| 650 14 - PUNTO DE ACCESO ADICIONAL DE MATERIA--TÉRMINO DE MATERIA |
| Término de materia o nombre geográfico como elemento de entrada |
NOVELA SOCIAL |
| 650 14 - PUNTO DE ACCESO ADICIONAL DE MATERIA--TÉRMINO DE MATERIA |
| Término de materia o nombre geográfico como elemento de entrada |
LITERATURA ITALIANA |
| 700 1# - PUNTO DE ACCESO ADICIONAL--NOMBRE DE PERSONA |
| Nombre de persona |
Spino, Sebastian Bel, tr. |
| 901 ## - ELEMENTOS DE DATOS A LOCAL LDA (RLIN) |
| a |
Donación, Oveja Negra,1987 |